Top 10 Least Densely-Populated Countries in Africa - Statistics

General Stats
  • This quiz has been taken 52,201 times
    27,489 since last reset
  • The average score is 7 of 10
Answer Stats
Density Country % Correct
19.9 Algeria
88%
16.3 Chad
87%
4.23 Libya
86%
3.74 Namibia
82%
5.14 Mauritania
81%
18.9 Republic of the Congo
73%
4.39 Botswana
69%
8.81 Central African Republic
69%
19.6 South Sudan
66%
9.70 Gabon
42%
No matching quizzes found
Score Distribution
Percent of People with Each Score
Percentile by Number Answered
Your Score History
You have not taken this quiz since the last reset